| 000 | 01403cam a22004214i 4500 | ||
|---|---|---|---|
| 003 | PE-LiUPU | ||
| 005 | 20250731173239.0 | ||
| 008 | 150625s1970 sp r 000 0 spa d | ||
| 035 | _a(Sirsi) a35213 | ||
| 040 |
_aPE-LiUPU _bspa _cPE-LiUPU _erda |
||
| 049 | _aPRUA | ||
| 082 | 0 | 4 |
_a232.9 _bC32 _221 |
| 100 | 1 |
_aCerafaux, Luciano, _eautor. |
|
| 245 | 1 | 0 |
_aJesús en los origenes de la tradición / _cLucianov Cerafaux. |
| 264 | 1 |
_aBilbao : _bDesclee de Brouwer, _c1970. |
|
| 300 |
_a267 páginas ; _c19 centímetros |
||
| 336 |
_atext _2rdacontent |
||
| 337 |
_aunmediated _2rdamedia |
||
| 338 |
_avolume _2rdacarrier |
||
| 505 | 0 | _aLos doce y los Apostoles -- Los discipulos -- Los testigos y la historia. | |
| 526 | _aSEG42 | ||
| 526 | _aSEG41 | ||
| 526 | _aSEG40 | ||
| 526 | _aSEG39 | ||
| 526 | _aP94 | ||
| 526 | _aP87 | ||
| 526 | _aP86 | ||
| 526 | _aP85 | ||
| 526 | _aP77 | ||
| 526 | _aP76 | ||
| 526 | _aP35 | ||
| 600 | 1 | _aJesucristo | |
| 942 |
_2ddc _cBOOK |
||
| 949 |
_a232.9 C32 _wDEWEY _c1 _i11269 _lCCODEBUL1 _mBUL _p00.00 _r0 _sY _tBOOK _u2015-06-25 _xBIBLIOTECA _zUNKNOWN _0COMPRA _o.STAFF. Colección General |
||
| 596 | _a1 | ||
| 999 |
_a232.9 C32 _wDEWEY _c43156 _i11269 _d43156 _e2022-7-12 _f2021-11-11 _g5 _lCCODEBUL1 _mBUL _n2 _p27.50 _r0 _sY _tBOOK _u2015-6-25 _xTEOLOGIA _PP35 _0COMPRA _o.STAFF. Colección Teología |
||
| 980 |
_81 _gALBERTO SANCHEZ Responsable de Automatización |
||